<The> Impact of the recent financial crisis on the financing of European SMEs
Guardado en:
| Autor principal: | |
|---|---|
| Otros Autores: | , , |
| Formato: | Capítulo de libro |
| Lenguaje: | inglés |
| Materias: | |
| Etiquetas: |
Sin Etiquetas, Sea el primero en etiquetar este registro!
|
MARC
| LEADER | 00000naa a2200000 4500 | ||
|---|---|---|---|
| 001 | 0223796 | ||
| 005 | 20221019173441.7 | ||
| 041 | 0 | |a eng | |
| 044 | |a SK | ||
| 245 | 1 | 0 | |a <The> Impact of the recent financial crisis on the financing of European SMEs |c Alin Marius Andrieş, Iulian Ihnatov, Mariana Foca, Silviu Gabriel Ursu |
| 610 | 2 | 0 | |a Európska únia |
| 610 | 2 | 0 | |a kríza finančná |
| 610 | 2 | 0 | |a financovanie podnikov |
| 610 | 2 | 0 | |a podnik malý |
| 610 | 2 | 0 | |a podnik stredný |
| 100 | 1 | |a Andrieş, Alin Marius | |
| 700 | 1 | |a Ihnatov, Iulian | |
| 700 | 1 | |a Foca, Mariana | |
| 700 | 1 | |a Ursu, Silviu Gabriel | |